| 000 | 00580nam a22001937a 4500 | ||
|---|---|---|---|
| 005 | 20250702164140.0 | ||
| 010 | _aENG-145537 | ||
| 020 |
_a9789348125330 _c120.00 |
||
| 035 | _aEN-129069 | ||
| 037 | _bDBAD | ||
| 082 | _aS | ||
| 100 |
_aCS Arunkumar _982500 |
||
| 245 |
_aAash's Little Findings About the Life/ _cCS Arunkumar |
||
| 250 | _a1 | ||
| 260 |
_aKerala _bSandDunes _c2024 |
||
| 270 |
_aGB Building, Civil Lane road, ayyanthole thrissur _bNew Delhi _e680003 _minfo@greenbooksindia.com _k91-487-231066 _k2381039 |
||
| 300 |
_a80p. _c22cm(pb) |
||
| 942 |
_2ddc _cEN _hS _mCSA |
||
| 999 |
_c212029 _d212029 |
||